Talajvízszint-süllyedések a Duna-Tisza közén
Elmentve itt :
| Szerző: | |
|---|---|
| Testületi szerző: | |
| Dokumentumtípus: | Könyv része |
| Megjelent: |
1994
|
| Sorozat: | A Nagyalföld Alapítvány Kötetei
3 A Duna-Tisza közi hátság vízgazdálkodási problémái 3 |
| Kulcsszavak: | Vízgazdálkodás - Duna-Tisza köze, Duna-Tisza köze - földrajz |
| Tárgyszavak: | |
| Online Access: | http://acta.bibl.u-szeged.hu/63929 |
| LEADER | 00959naa a2200241 i 4500 | ||
|---|---|---|---|
| 001 | acta63929 | ||
| 005 | 20260224081030.0 | ||
| 008 | 191216s1994 hu o 000 hun d | ||
| 020 | |a 963 04 3992 1 | ||
| 022 | |a 1216-4933 | ||
| 040 | |a SZTE Egyetemi Kiadványok Repozitórium |b hun | ||
| 041 | |a hun | ||
| 100 | 1 | |a Major Pál | |
| 245 | 1 | 0 | |a Talajvízszint-süllyedések a Duna-Tisza közén |h [elektronikus dokumentum] / |c Major Pál |
| 260 | |c 1994 | ||
| 300 | |a 17-24 | ||
| 490 | 0 | |a A Nagyalföld Alapítvány Kötetei |v 3 | |
| 490 | 0 | |a A Duna-Tisza közi hátság vízgazdálkodási problémái |v 3 | |
| 650 | 4 | |a Természettudományok | |
| 650 | 4 | |a Föld- és kapcsolódó környezettudományok | |
| 695 | |a Vízgazdálkodás - Duna-Tisza köze, Duna-Tisza köze - földrajz | ||
| 710 | |a A Duna-Tisza közi hátság vízgazdálkodási problémái (1993) (Kiskőrös) | ||
| 856 | 4 | 0 | |u http://acta.bibl.u-szeged.hu/63929/1/nagyalfoldi_003_017-024.pdf |z Dokumentum-elérés |